00789 2200289 4500001002100000005001500021035002500036090002100061245005900082250001100141260003400152300002600186007000300212008004100215040001700256082001000273084001600283650004100299850001200340999002100352990002100373990002100394990002100415990002100436990002100457990002100478YOGYA00000000004297620250620021736 a0010-081400000042694 aCB-D.11 2008-325 aAyo belajar bahasa Indonesia 6 kelas 1 SD /cPraptanti aCet. 1 aYogyakarta :bKanisius,c2008 aix, 228 hlm. ;c23cm.ta130829s2008 yoi g ind d aYOPDYOGbind a372.6 a372.6 PRA a aBahasa Indonesia--xPendidikan dasar aYOPDYOG aCB-D.11/2008-325 aCB-D.11/2008-330 aCB-D.11/2008-325 aCB-D.11/2011-644 aCB-D.11/2008-325 aCB-D.11/2008-330 aCB-D.11/2011-644